00593 a2200169 4500003000500000005001700005040000900022082001200031100001700043245007100060250001100131260003900142300002600181505014300207600001700350650005600367Nust20230124090755.0 cNust a812,AFZ aAfzal, Ulfat aRomeo and juliet in the light of eastern folk tales /cUlfat Afzal a1st ed aReaders PublicationsbLahorec1987 av, 90 pbillusc18 cm aIntroduction to the Flok Tales in General (Page-1), The Sources of The Theme (Page-23), Comparative Study (Page-29), Conclusion (Page-80). aAfzal, Ulfat aRomeo and juliet in the light of eastern folk tales